Rezidencia veľvyslanca

Guardado en:
Detalles Bibliográficos
Autor principal: Mravík, Adam (Autor)
Otros Autores: Pauliny, Pavol (Orientador)
Formato: Manuscrito Libro
Lenguaje:eslovaco
Publicado: Bratislava 2019
Materias:
Acceso en línea:http://is.stuba.sk/zp/portal_zp.pl?podrobnosti=127937
Etiquetas: Agregar Etiqueta
Sin Etiquetas, Sea el primero en etiquetar este registro!

MARC

LEADER 00000ntm a22000003a 4500
001 stuzp73851
003 SK-STU
005 20200918085433.2
007 ta
008 150427s2015----xo-----f-mn---000-0-slo-d
040 |a STU  |b slo 
041 0 |a slo 
100 1 |a Mravík, Adam  |u 053130  |4 aut  |U FAD Fakulta architektúry  |T FA Ústav dejín a teórie architektúry a obnovy pamiatok  |X 74762  |U A3130  |Y 394  |7 74762 
242 0 1 |a Residence of Ambassador  |y eng 
245 1 0 |a Rezidencia veľvyslanca 
260 |c 2019  |a Bratislava 
650 4 |a rezidencia  |2 slo 
650 4 |a veľvyslanec  |2 slo 
650 4 |a architektúra  |2 slo 
650 4 |a konštrukčný systém  |2 slo 
650 4 |a residence  |2 eng 
650 4 |a ambassador  |2 eng 
650 4 |a architecture  |2 eng 
650 4 |a construction system  |2 eng 
700 1 |a Pauliny, Pavol  |u 053130  |k Z1  |4 ths  |U FAD Fakulta architektúry  |T FA Ústav dejín a teórie architektúry a obnovy pamiatok  |X 474  |U A3130  |Y 394  |7 474 
856 4 |u http://is.stuba.sk/zp/portal_zp.pl?podrobnosti=127937  |u https://opac.crzp.sk/?fn=detailBiblioForm&sid=819BE1355532A4D3181E60AB1E91